000 01194nam a2200265 a 4500
003 OSt
005 20230531130838.0
007 cr ||||||a|c|a
008 230524s2019 mx a|||fom||| 001 0 spa d
040 _erda
100 1 _9187172
_aArcos Méndez, María Cristina
245 1 0 _aEfectividad de extractos vegetales en el control de moniliasis (Moniliophthora roreri) en plantaciones de cacao (Theobroma cacao L.) /
_cpor María Cristina Arcos Méndez; director de tesis Luciano Martínez Bolaños.
264 1 _aTabasco, México :
_bEl autor,
_c2019.
300 _a1 recurso en línea (71 páginas):
_bcuadros, figuras.
336 _2rdacontent
_atexto
_btxt
337 _2rdamedia
_acomputadora
_bc
338 _2rdacarrier
_arecurso en línea
_bcr
502 _bIAEZT
_cURUSSE
_d2019.
_gLIC
504 _aIncluye referencias bibliográficas: páginas 54-57.
650 4 _9187165
_aCacao
_xEnfermedades por hongos
650 4 _9129639
_aExtractos vegetales como fungicida
700 1 _971868
_aMartínez Bolaños, Luciano
_eDirector de tesis.
856 _uhttp://10.13.5.2/tesis/tl/Arcos_Mendez_Maria_Cristina.pdf
_zDESCARGAR PDF
942 _2Clasificación Universidad Autónoma Chapingo
_cTD
999 _c218826
_d218826